MANAGEMENT DYNAMICS (Record no. 76495)
[ view plain ]
| 000 -LEADER | |
|---|---|
| fixed length control field | 00223nam a2200097Ia 4500 |
| 050 ## - LIBRARY OF CONGRESS CALL NUMBER | |
| Classification number | HD 31 .S24 |
| 100 ## - MAIN ENTRY--PERSONAL NAME | |
| Personal name | SAGIMO,PETER O. |
| 245 #0 - TITLE STATEMENT | |
| Title | MANAGEMENT DYNAMICS |
| 942 ## - ADDED ENTRY ELEMENTS (KOHA) | |
| Koha item type | Long Loan Book |
| Withdrawn status | Lost status | Source of classification or shelving scheme | Damaged status | Not for loan | Collection | Home library | Current library | Date acquired | Inventory number | Total checkouts | Total renewals | Full call number | Barcode | Date last seen | Date last checked out | Copy number | Price effective from | Koha item type |
|---|---|---|---|---|---|---|---|---|---|---|---|---|---|---|---|---|---|---|
| Library of Congress Classification | Reserve | Kisii University Library | Kisii University Library | 09/15/2023 | 23302 | 2 | 1 | HD31 .S24 2002 | 000081 | 02/14/2024 | 02/12/2024 | 2 | 09/15/2023 | Short Loan Book | ||||
| Library of Congress Classification | Reserve | Kisii University Library | Kisii University Library | 11/08/2023 | 22737 | 1 | 1 | HD31 .S24 2002 | 000041 | 02/19/2024 | 02/15/2024 | 1 | 11/08/2023 | Short Loan Book |